<?xml version="1.0" encoding="UTF-8"?>
<record
    xmlns:xsi="http://www.w3.org/2001/XMLSchema-instance"
    xsi:schemaLocation="http://www.loc.gov/MARC21/slim http://www.loc.gov/standards/marcxml/schema/MARC21slim.xsd"
    xmlns="http://www.loc.gov/MARC21/slim">

  <leader>03305nam a2200541Ia 4500</leader>
  <controlfield tag="001">1528</controlfield>
  <controlfield tag="008">241029s9999    xx            000 0 und d</controlfield>
  <datafield tag="010" ind1=" " ind2=" ">
    <subfield code="a">1425</subfield>
  </datafield>
  <datafield tag="041" ind1=" " ind2=" ">
    <subfield code="a">Espa&#xF1;ol</subfield>
  </datafield>
  <datafield tag="082" ind1=" " ind2=" ">
    <subfield code="a">CURSA-T-EDU-000470</subfield>
  </datafield>
  <datafield tag="245" ind1=" " ind2="0">
    <subfield code="a">Escuela de Padres y Madres como espacio de participaci&#xF3;n y reflexi&#xF3;n para el mejoramiento del Centro Educativo Salom&#xE9; Ure&#xF1;a Distrito 07-05. Per&#xED;odo 2009-2010.</subfield>
  </datafield>
  <datafield tag="260" ind1=" " ind2=" ">
    <subfield code="a">Santiago</subfield>
  </datafield>
  <datafield tag="300" ind1=" " ind2=" ">
    <subfield code="a">70</subfield>
  </datafield>
  <datafield tag="520" ind1=" " ind2=" ">
    <subfield code="a">5</subfield>
  </datafield>
  <datafield tag="630" ind1=" " ind2=" ">
    <subfield code="a">Mejoramiento</subfield>
  </datafield>
  <datafield tag="630" ind1=" " ind2=" ">
    <subfield code="a">Participaci&#xF3;n</subfield>
  </datafield>
  <datafield tag="650" ind1=" " ind2=" ">
    <subfield code="a">Calidad Educativa</subfield>
  </datafield>
  <datafield tag="690" ind1=" " ind2=" ">
    <subfield code="a">Elaborado</subfield>
  </datafield>
  <datafield tag="700" ind1=" " ind2=" ">
    <subfield code="e">asesor</subfield>
    <subfield code="a">Contreras, Ana Dolores</subfield>
  </datafield>
  <datafield tag="700" ind1=" " ind2=" ">
    <subfield code="e">autor</subfield>
    <subfield code="a">Adames de la Rosa, Elupina</subfield>
  </datafield>
  <datafield tag="700" ind1=" " ind2=" ">
    <subfield code="e">autor</subfield>
    <subfield code="a">Bonilla Hern&#xE1;ndez, Mayra Josefina</subfield>
  </datafield>
  <datafield tag="901" ind1=" " ind2=" ">
    <subfield code="a">{"1":"Adames de la Rosa","2":"Bonilla Hern&#xE1;ndez"}</subfield>
    <subfield code="b">{"1":"Elupina","2":"Mayra Josefina"}</subfield>
  </datafield>
  <datafield tag="902" ind1=" " ind2=" ">
    <subfield code="a">1</subfield>
  </datafield>
  <datafield tag="903" ind1=" " ind2=" ">
    <subfield code="a">{"1":"Contreras"}</subfield>
    <subfield code="b">{"1":"Ana Dolores"}</subfield>
  </datafield>
  <datafield tag="904" ind1=" " ind2=" ">
    <subfield code="a">Mag&#xED;ster en</subfield>
  </datafield>
  <datafield tag="905" ind1=" " ind2=" ">
    <subfield code="a">Orientaci&#xF3;n Educativa e Intervenci&#xF3;n Psicopedag&#xF3;gica</subfield>
  </datafield>
  <datafield tag="906" ind1=" " ind2=" ">
    <subfield code="a">2</subfield>
  </datafield>
  <datafield tag="907" ind1=" " ind2=" ">
    <subfield code="a">NO APLICA</subfield>
  </datafield>
  <datafield tag="908" ind1=" " ind2=" ">
    <subfield code="a">NO APLICA</subfield>
  </datafield>
  <datafield tag="909" ind1=" " ind2=" ">
    <subfield code="a">Universidad Aut&#xF3;noma de Santo Domingo (UASD)</subfield>
  </datafield>
  <datafield tag="910" ind1=" " ind2=" ">
    <subfield code="a">NULL</subfield>
    <subfield code="b">NULL</subfield>
  </datafield>
  <datafield tag="911" ind1=" " ind2=" ">
    <subfield code="a">["1"]</subfield>
  </datafield>
  <datafield tag="912" ind1=" " ind2=" ">
    <subfield code="a">NO APLICA</subfield>
  </datafield>
  <datafield tag="913" ind1=" " ind2=" ">
    <subfield code="a">NULL</subfield>
  </datafield>
  <datafield tag="914" ind1=" " ind2=" ">
    <subfield code="a">01 de Junio de 2010</subfield>
  </datafield>
  <datafield tag="915" ind1=" " ind2=" ">
    <subfield code="a">19/12/19 11:12</subfield>
  </datafield>
  <datafield tag="916" ind1=" " ind2=" ">
    <subfield code="a">NULL</subfield>
  </datafield>
  <datafield tag="917" ind1=" " ind2=" ">
    <subfield code="a">NULL</subfield>
  </datafield>
  <datafield tag="918" ind1=" " ind2=" ">
    <subfield code="a">NO APLICA</subfield>
  </datafield>
  <datafield tag="919" ind1=" " ind2=" ">
    <subfield code="a">["215","151"]</subfield>
  </datafield>
  <datafield tag="520" ind1=" " ind2=" ">
    <subfield code="a">Esta investigaci&#xF3;n se plante&#xF3; como objetivo general fortalecer la Escuela de Padres y Madres, a trav&#xE9;s de los espacios de participaci&#xF3;n y reflexi&#xF3;n de los padres y madres contribuyendo al mejoramiento del Centro Educativo.La metodolog&#xED;a utilizada en este estudio es de tipo cualitativa, enfocado en la investigaci&#xF3;n-acci&#xF3;n. La intervenci&#xF3;n es llevada a cabo por cuatro etapas que son planificaci&#xF3;n, acci&#xF3;n, observaci&#xF3;n y la reflexi&#xF3;n de cada sesi&#xF3;n.Los sujetos que participan en esta investigaci&#xF3;n fueron padres y madres del estudiantado de primero y segundo grado del Nivel B&#xE1;sico de la Escuela Salom&#xE9; Ure&#xF1;a. La misma cuenta con&#xA0;sesenta y cinco (65)&#xA0;estudiantes, hijos e hijas de las familias participantes en el desarrollo de las sesiones de la Escuela de Padres y Madres. Se emple&#xF3; las t&#xE9;cnicas de triple diagn&#xF3;stico, la observaci&#xF3;n, la entrevista, el cuestionario, fotograf&#xED;as y fichas de evaluaci&#xF3;n.El trabajo con los padres y las madres provoc&#xF3; un cambio de actitud a lo largo del proceso. Demostrando &#xE9;stos, mayor confianza y seguridad al momento de participar en el desarrollo de las diferentes sesiones, generando mayor motivaci&#xF3;n en el grupo al momento de ofrecer sus aportaciones.Con el desarrollo de la investigaci&#xF3;n realizada en el Centro Educativo Salom&#xE9; Ure&#xF1;a, se fortaleci&#xF3; la estructura administrativa de los equipos que funcionan en el Centro, debido a que los padres est&#xE1;n m&#xE1;s integrados. Se fortaleci&#xF3; la Escuela de Padres y Madres que&#xA0;existe en el Centro Educativo mejorando la relaci&#xF3;n entre padres y madres, que aprendieron a reflexionar antes situaciones presentadas con sus hijos. Se sugiere, entrenar a los padres y madres que participaron en el programa para que sean agentes multiplicadores en la comunidad.</subfield>
  </datafield>
  <datafield tag="921" ind1=" " ind2=" ">
    <subfield code="a">11</subfield>
  </datafield>
  <datafield tag="922" ind1=" " ind2=" ">
    <subfield code="a">11</subfield>
  </datafield>
  <datafield tag="923" ind1=" " ind2=" ">
    <subfield code="a">0</subfield>
  </datafield>
  <datafield tag="924" ind1=" " ind2=" ">
    <subfield code="a">NO APLICA</subfield>
  </datafield>
  <datafield tag="942" ind1=" " ind2=" ">
    <subfield code="c">Tesis</subfield>
  </datafield>
  <datafield tag="999" ind1=" " ind2=" ">
    <subfield code="c">1425</subfield>
    <subfield code="d">1425</subfield>
  </datafield>
</record>
